03492 2201513 4500001002100000005001500021035002000036007000300056008004100059020002200100082000800122084001400130100002100144245010400165260003100269300004000300500002400340700001600364504002900380600001300409990001700422990001700439990001700456990001700473990001700490990001700507990001700524990001700541990001700558990001700575990001700592990001700609990001700626990001700643990001700660990001700677990001700694990001700711990001700728990001700745990001700762990001700779990001700796990001700813990001700830990001700847990001700864990001700881990001700898990001700915990001700932990001700949990001700966990001700983990001701000990001701017990001701034990001701051990001301068990001301081990001301094990001301107990001301120990001301133990001301146990001301159990001301172990001301185990001301198990001301211990001301224990001301237990001301250990001301263990001301276990001301289990001301302990001301315990001301328990001301341990001301354990001301367990001301380990001301393990001301406990001301419990001301432990001301445990001301458990001301471990001301484990001301497990001301510990001301523990001301536990001301549990001301562990001301575990001301588990001301601990001301614990001301627990001301640990001301653990001301666990001301679990001301692990001301705990001301718990001301731990001301744990001301757990001301770990001301783990001301796990001301809990001301822990001301835990001301848990001301861990001301874990001301887990001301900990001301913990001301926990001301939990001301952990001301965INLIS00000000000002720221104083637 a0010-1122000027ta221104 g 0 ind  a978-602-298-897-7 a910 a910 YAS g0 aYasinto Sindhu P1 aGeografi untuk SMA/MA kelas XII jilid 3 :bKurikulum 2013 /cYasinto Sindhu P ; editor, Hadiyansyah aJakarta :bErlangga,c2019 ax, 294 hlm. :bilus. ;c25 x 18 cm. aindeks hlm.2932-2940 aHadiyansyah abibliografi hlm. 287-292 4aGeografi a201900101486 a201900101487 a201900101488 a201900101489 a201900101490 a201900101491 a201900101492 a201900101493 a201900101494 a201900101495 a201900101496 a201900101497 a201900101498 a201900101499 a201900101500 a201900101501 a201900101502 a201900101503 a201900101504 a201900101505 a201900101506 a201900101507 a201900101508 a201900101509 a201900101510 a201900101511 a201900101512 a201900101513 a201900101514 a201900101515 a201900101516 a201900101517 a201900101518 a201900101519 a201900101520 a201900101521 a201900101522 a201900101523 a29282928 a29282928 a29282928 a29282928 a29282928 a29282928 a29282928 a29282928 a29282928 a29282928 a29282928 a29282928 a29282928 a29282928 a29282928 a29282928 a29282928 a29282928 a29282928 a29282928 a29282928 a29282928 a29282928 a29282928 a29282928 a29282928 a29282928 a29282928 a29282928 a29282928 a29282928 a29282928 a29282928 a29282928 a29282928 a29282928 a29282928 a29282928 a29282928 a29282928 a29282928 a29282928 a29282928 a29282928 a29282928 a29282928 a29282928 a29282928 a29282928 a29282928 a03680368 a03680368 a03680368 a03680368 a03680368 a03680368 a03680368 a03680368 a03680368 a03680368 a03680368 a03680368 a03680368 a03680368 a03680368 a03680368 a03680368 a03680368 a03680368 a03680368